000
00322 a2200133 4500
020
_a
808380838083
028
_a
The Ideal Publishers
090
_c
5609
_d
5609
100
_a
Hamid Ali
245
_a
The Revised Leave Rules,1980 with Notifications
260
_a
Karachi
300
_a
33
942
_a
NBS
_c
BK
_k
348.95491 ALI
999
_c
348013
_d
348013